Представление документа в формате MARC21

Поле Инд. ПП Название Значение
Тип записи a
Библиографический уровень m
001 Контрольный номер c744d9f0-f73b-4ea3-8719-24e3480acde0
005 Дата корректировки 20140703144828.5
008 Кодируемые данные 060331
020 a ISBN 5-8199-0131-2 (ФОРУМ)
a ISBN 5-16-001945-6 (ИНФРА-М)
c Цена, тираж 120.00
040 a Служба первич. каталог. НБ ТвГУ
041 a Код языка текста rus
080 a Индекс УДК 159.922.7(075.8)
084 a Индекс другой классификации/Индекс ББК Ю98я73-1
090 a Полочн. индекс Ю98
x Авторский знак К18
100 1_ a Автор Каменская Валентина Георгиевна
q Полное имя Каменская В. Г.
245 10 a Заглавие Детская психология с элементами психофизиологии
b Продолж. заглавия учебное пособие для студентов высших педагогических учебных заведений, обучающихся по направлению 540600 (050600) педагогика
260 0_ a Место издания Москва
b Издательство ФОРУМ
b Издательство ИНФРА-М
c Дата издания 2005
300 a Объем 287 с.
b Иллюстрации/ тип воспроизводства ил., табл.
504 a Библиография Библиогр.: с. 277-283 (104 назв.)
583 a Действие Получение впервые 103 03.04.2006
k Исполнитель действия Взамен утраченных
650 a Основная рубрика Детская психология
x Основная подрубрика Учебники для вузов
650 a Основная рубрика Дети
x Основная подрубрика Психологическая диагностика
x Основная подрубрика Психология
653 a Ключевые слова Детская психология
a Ключевые слова Психодиагностика детей
a Ключевые слова Психология развития ребенка
852 t Порядковый номер экземпляра 2
p Инвентарный номер 836855
p Инвентарный номер 836856
888 a Бесплатные
901 t Тип документа m
920 a Оператор Густ
a Оператор Стро
930 a Новая/Ретро учебники
952 c Вид литературы К ру
p 103.2006 120.00 1 836855
p 103.2006 120.00 1 836856
954 a Дата поступления на обработку 20060808
999 a Подразделение 2 Фил2